000 01490namaa2200325 i 4500
001 174141
003 ES-MaACL
005 20250815105802.0
008 100224s1915 sp | |||| ||spa d
040 _aSpMaBN
_bspa
_cSpMaBN
_erdc
080 _a551.7(460.355)
080 _a903.01(460.355)
080 _a903(460.355)
080 _a631.416(64)
080 _a55(64)
100 1 _aHernández-Pacheco, Eduardo,
_d1872-1965
_963012
245 1 4 _aLas tierras negras del extremo sur de España y sus yacimientos paleolíticos /
_cpor Eduardo Hernandez-Pacheco. Las tierras negras de Marruecos / por Juan Dantín.
260 _aMadrid :
_bJunta para Ampliación de Estudios e Investigaciones Científicas,
_c1915 (
_fTip. de Fortanet)
300 _a37 p., III h. de lám., [1] h. de map. pleg. :
_bil. ;
_c23 cm.
490 1 _aTrabajos del Museo Nacional de Ciencias Naturales. Serie geológica ;
_v13
650 4 _aEstratigrafía-
_zCádiz (Provincia)
_9142222
650 4 _aExcavaciones arqueológicas-
_zCádiz (Provincia)
_9142223
650 4 _aGeología-
_zMarruecos.
_9142224
700 1 _aDantín Cereceda, Juan,
_d1881-1943
_942666
710 2 _aJunta para la Ampliación de Estudios e Investigaciones Científicas.
_95413
740 4 _aLas tierras negras de Marruecos.
830 0 0 _aTrabajos del Museo Nacional de Ciencias Naturales.
_pSerie geológica
_v13
_9189286
852 _aES-MaACL
_jB-13128(1)
_z.- Encuadernado con otras obras
999 _c174141
_d174141